[Event "Wroclaw Anderssen Memorial op-B"]
[Site "Wroclaw"]
[Date "2023.??.??"]
[Round "7"]
[White "Korpalski, Maciej"]
[Black "Sypek, Szymon"]
[Result "1-0"]
[WhiteElo "1900"]
[BlackElo "1601"]
[PlyCount "81"]
[EventDate "2023.08.06"]
[EventType "swiss"]
[EventRounds "9"]
[EventCountry "POL"]
[SourceTitle "EXT 2024"]
[Source "ChessBase"]
[SourceDate "2023.10.10"]
[SourceVersion "1"]
[SourceVersionDate "2023.10.10"]
[SourceQuality "1"]

1. e4 c5 2. Nf3 Nc6 3. d4 cxd4 4. Nxd4 Nf6 5. Nc3 e5 6. Ndb5 d6 7. Nd5 Nxd5 8. exd5 Nb8 9. c4 a6 10. Nc3 Be7 11. Be2 0-0 12. 0-0 f5 13. f4 Nd7 14. Kh1 Nf6 15. Be3 Qe8 16. c5 exf4 17. Rxf4 Ng4 18. Bxg4 Bg5 19. Re4 Qg6 20. Bh5 Qf6 21. Bxg5 Qxg5 22. Re1 dxc5 23. Bf3 Bd7 24. Qb3 Rab8 25. Qb6 Qh4 26. Qc7 Rbd8 27. d6 g5 28. Bd5+ Kh8 29. Qxc5 g4 30. Qd4+ Rf6 31. g3 Qg5 32. Bxb7 Rb8 33. Bg2 Kg8 34. Re7 Rd8 35. Rae1 h5 36. Qb6 Rdf8 37. Rxd7 h4 38. Qa7 hxg3 39. Bd5+ R6f7 40. Bxf7+ Kh8 41. Qd4+ 1-0

[Event "Poronin Tatra Limba op"]
[Site "Poronin"]
[Date "2021.05.25"]
[Round "5"]
[White "Zielonka, Adam"]
[Black "Korpalski, Maciej"]
[Result "1/2-1/2"]
[WhiteElo "1686"]
[BlackElo "1930"]
[PlyCount "97"]
[EventDate "2021.05.22"]
[EventType "swiss"]
[EventRounds "9"]
[EventCountry "POL"]
[SourceTitle "EXT 2022"]
[Source "ChessBase"]
[SourceDate "2021.10.06"]
[SourceVersion "1"]
[SourceVersionDate "2021.10.06"]
[SourceQuality "1"]

1. c4 Nf6 2. Nc3 g6 3. g3 Bg7 4. Bg2 d6 5. e4 0-0 6. Nge2 e5 7. 0-0 Be6 8. d3 c6 9. h3 Qd7 10. Kh2 d5 11. b3 Rd8 12. Bb2 Na6 13. f4 exf4 14. gxf4 dxe4 15. dxe4 Qc7 16. Qe1 Nb4 17. Nb5 cxb5 18. Qxb4 bxc4 19. Be5 Qb6 20. Qxb6 axb6 21. Nd4 cxb3 22. Nxe6 fxe6 23. axb3 Nh5 24. Bxg7 Kxg7 25. Rxa8 Rxa8 26. f5 e5 27. fxg6 hxg6 28. Rf2 Ra1 29. Bf1 Nf4 30. Bc4 Re1 31. Rd2 Rxe4 32. Rd7+ Kh6 33. Rxb7 Re3 34. Rxb6 Rxh3+ 35. Kg1 Rc3 36. Rb5 e4 37. Re5 e3 38. Kh2 g5 39. Kg3 Kh5 40. Bf7+ Kh6 41. Bc4 Kg6 42. Kg4 Kf6 43. Rf5+ Ke7 44. Rxg5 Ng2 45. Kf3 Ne1+ 46. Ke2 Nc2 47. Bd3 Nb4 48. Re5+ Kd6 49. Rc5 1/2-1/2

[Event "Poronin Tatra Limba op"]
[Site "Poronin"]
[Date "2021.05.23"]
[Round "2"]
[White "Korpalski, Maciej"]
[Black "Bartodziej, Bartosz"]
[Result "1/2-1/2"]
[WhiteElo "1930"]
[BlackElo "1784"]
[PlyCount "134"]
[EventDate "2021.05.22"]
[EventType "swiss"]
[EventRounds "9"]
[EventCountry "POL"]
[SourceTitle "EXT 2022"]
[Source "ChessBase"]
[SourceDate "2021.10.06"]
[SourceVersion "1"]
[SourceVersionDate "2021.10.06"]
[SourceQuality "1"]

1. e4 c5 2. Ne2 d6 3. d4 cxd4 4. Nxd4 Nf6 5. Nc3 a6 6. Be3 e5 7. Nb3 Be6 8. f3 Be7 9. Qd2 0-0 10. 0-0-0 Nbd7 11. g4 b5 12. g5 Nh5 13. Kb1 Nb6 14. Qf2 Nc4 15. Bxc4 bxc4 16. Nc5 Qc7 17. Nxe6 fxe6 18. Qh4 Rxf3 19. Qg4 Rxe3 20. Qxe6+ Kh8 21. Nd5 Nf4 22. Nxc7 Nxe6 23. Nxe6 Rc8 24. Rhe1 Rh3 25. Re2 Rf3 26. Ree1 Kg8 27. Rf1 Re3 28. b3 Rxe4 29. Rf3 c3 30. a4 Re2 31. h4 Rd2 32. Rg1 g6 33. h5 d5 34. hxg6 hxg6 35. Re3 Bd6 36. Rf1 d4 37. Rh3 d3 38. Rxd3 Rxd3 39. cxd3 c2+ 40. Kb2 Ba3+ 41. Kxa3 c1Q+ 42. Rxc1 Rxc1 43. Kb4 Rc6 44. Nc5 Kf7 45. Kc4 Rd6 46. b4 Ke7 47. b5 Rd4+ 48. Kc3 axb5 49. axb5 Kd6 50. Nb3 Rg4 51. d4 exd4+ 52. Nxd4 Kc5 53. Ne6+ Kxb5 54. Kd3 Kc6 55. Ke3 Kd6 56. Kf3 Rg1 57. Kf2 Ra1 58. Nf4 Ke5 59. Nxg6+ Kf5 60. Nh4+ Kxg5 61. Ng2 Kg4 62. Ne3+ Kf4 63. Ng2+ Ke4 64. Kg3 Ra2 65. Nh4 Ra3+ 66. Kf2 Rh3 67. Ng2 Ke5 1/2-1/2

[Event "POL-ch Academic"]
[Site "Katowice"]
[Date "2020.11.13"]
[Round "1"]
[White "Korpalski, Maciej"]
[Black "Jarmula, Lukasz"]
[Result "0-1"]
[WhiteElo "1930"]
[BlackElo "2464"]
[PlyCount "62"]
[EventDate "2020.11.13"]
[EventType "swiss (rapid)"]
[EventRounds "9"]
[EventCountry "POL"]
[SourceTitle "CBM 199 Extra"]
[Source "ChessBase"]
[SourceDate "2021.01.31"]
[SourceVersion "1"]
[SourceVersionDate "2021.01.31"]
[SourceQuality "1"]

1. e4 e5 2. Nf3 Nc6 3. Bb5 a6 4. Ba4 Nge7 5. c3 d6 6. 0-0 Ng6 7. Bxc6+ bxc6 8. d4 exd4 9. cxd4 Be7 10. Nc3 0-0 11. h3 f5 12. e5 dxe5 13. dxe5 Be6 14. Qe2 c5 15. Be3 Qe8 16. Rad1 Qc6 17. Bg5 Bxg5 18. Nxg5 Nf4 19. Qf3 Qxf3 20. Nxf3 Rfd8 21. Kh2 h6 22. Rd2 Rxd2 23. Nxd2 Rd8 24. Nf3 Rd3 25. Rc1 c4 26. Rc2 g5 27. Ne2 Nxg2 28. Nxg5 Bd5 29. Nc3 Bc6 30. Ne6 Ne1 31. Rc1 Nf3+ 0-1

[Event "Wroclaw op"]
[Site "Wroclaw"]
[Date "2019.08.09"]
[Round "7"]
[White "Korpalski, Maciej"]
[Black "Nguyen, Alex Dac Vuong"]
[Result "0-1"]
[WhiteElo "1954"]
[BlackElo "2153"]
[PlyCount "90"]
[EventDate "2019.08.05"]
[EventType "swiss"]
[EventRounds "9"]
[EventCountry "POL"]
[SourceTitle "CBM 191 Extra"]
[Source "ChessBase"]
[SourceDate "2019.09.30"]
[SourceVersion "1"]
[SourceVersionDate "2019.09.30"]
[SourceQuality "1"]

1. e4 e6 2. d3 d5 3. Nd2 Nf6 4. Ngf3 b6 5. g3 dxe4 6. dxe4 Bb7 7. Qe2 Nc6 8. c3 a5 9. Bg2 e5 10. 0-0 Ba6 11. Nc4 h6 12. b3 Bc5 13. a3 0-0 14. Rb1 Bb5 15. a4 Ba6 16. Bd2 Qe7 17. Nh4 Qe6 18. Nf5 Bxc4 19. bxc4 Kh8 20. Be3 Bxe3 21. Nxe3 Nd7 22. Nd5 Ra7 23. f4 f6 24. Bf3 Qd6 25. Bg4 Rd8 26. Bxd7 Qxd7 27. Rfd1 Qd6 28. Kg2 Qf8 29. Rb5 Rb7 30. Rdb1 Rdb8 31. R5b2 Re8 32. f5 Nb8 33. Qf2 Nd7 34. Qc2 Qc5 35. Qe2 Qc6 36. Rb5 Nc5 37. Qc2 Qd6 38. Rd1 Qf8 39. Rb2 Rd8 40. Kf3 Qe8 41. Ra1 Qh5+ 42. Kg2 Qg4 43. Re1 c6 44. h3 Qg5 45. Qe2 h5 0-1

[Event "Rubinstein Memorial 52nd"]
[Site "Polanica Zdroj"]
[Date "2016.08.21"]
[Round "2"]
[White "Korpalski, Maciej"]
[Black "Rozycki, Bartlomiej"]
[Result "1/2-1/2"]
[WhiteElo "1915"]
[BlackElo "2118"]
[PlyCount "74"]
[EventDate "2016.08.20"]
[EventType "swiss"]
[EventRounds "10"]
[EventCountry "POL"]
[SourceTitle "CBM 174 Extra"]
[Source "ChessBase"]
[SourceDate "2016.10.10"]
[SourceVersion "1"]
[SourceVersionDate "2016.10.10"]
[SourceQuality "1"]

1. e4 e6 2. d4 d5 3. Nc3 Bb4 4. exd5 exd5 5. a3 Bxc3+ 6. bxc3 Be6 7. Rb1 b6 8. Nf3 Ne7 9. Bd3 Nbc6 10. 0-0 Qd6 11. Re1 0-0 12. Ng5 Bf5 13. Bxf5 Nxf5 14. Qd3 Rfe8 15. Bd2 Qg6 16. Nf3 Nd6 17. Bf4 Nc4 18. Bxc7 Nxa3 19. Rb3 Rxe1+ 20. Nxe1 Re8 21. Nf3 Nxc2 22. Qxg6 hxg6 23. Kf1 Rc8 24. Bf4 Na5 25. Rb5 Rd8 26. Bc1 Nc4 27. Ke2 N2a3 28. Rb3 a5 29. Bxa3 a4 30. Rb4 Nxa3 31. Rxa4 Nc4 32. Ra6 f6 33. Kd3 Re8 34. Ra7 Nb2+ 35. Kd2 Nc4+ 36. Kd3 Nb2+ 37. Kd2 Nc4+ 1/2-1/2

[Event "Lazy op 12th"]
[Site "Lazy"]
[Date "2016.07.05"]
[Round "9"]
[White "Korpalski, Maciej"]
[Black "Frej, Zofia"]
[Result "0-1"]
[WhiteElo "1968"]
[BlackElo "1929"]
[PlyCount "60"]
[EventDate "2016.06.26"]
[EventType "swiss"]
[EventRounds "9"]
[EventCountry "POL"]
[SourceTitle "CBM 173 Extra"]
[Source "ChessBase"]
[SourceDate "2016.08.29"]
[SourceVersion "1"]
[SourceVersionDate "2016.08.29"]
[SourceQuality "1"]

1. e4 e6 2. d3 d5 3. Nd2 c5 4. g3 Nc6 5. Bg2 Nf6 6. Ngf3 dxe4 7. dxe4 e5 8. 0-0 Be6 9. c3 h6 10. Qe2 Be7 11. Nc4 Qc7 12. Nh4 0-0-0 13. Ne3 g6 14. f4 exf4 15. gxf4 Nh5 16. f5 Bxh4 17. fxe6 fxe6 18. Qg4 Bg5 19. Qxe6+ Kb8 20. Qxg6 Nf4 21. Rxf4 Qxf4 22. Nd5 Qh4 23. Be3 Bxe3+ 24. Nxe3 Rhg8 25. Qe6 Qg5 26. Re1 Rd2 27. Qh3 Ne5 28. Rd1 Qxe3+ 29. Qxe3 Rxd1+ 30. Kf2 Ng4+ 0-1

[Event "Lazy op 12th"]
[Site "Lazy"]
[Date "2016.06.30"]
[Round "5"]
[White "Kowalski, Igor"]
[Black "Korpalski, Maciej"]
[Result "1-0"]
[WhiteElo "2131"]
[BlackElo "1968"]
[PlyCount "53"]
[EventDate "2016.06.26"]
[EventType "swiss"]
[EventRounds "9"]
[EventCountry "POL"]
[SourceTitle "CBM 173 Extra"]
[Source "ChessBase"]
[SourceDate "2016.08.29"]
[SourceVersion "1"]
[SourceVersionDate "2016.08.29"]
[SourceQuality "1"]

1. e4 c5 2. Nf3 d6 3. d4 cxd4 4. Nxd4 Nf6 5. Nc3 a6 6. g3 e6 7. g4 h6 8. Rg1 b5 9. Bg2 Bb7 10. Qe2 Qc7 11. h4 b4 12. Na4 e5 13. Nf5 Bc6 14. g5 hxg5 15. hxg5 Nh5 16. Qc4 Qb7 17. b3 g6 18. Nh6 Bxh6 19. gxh6 Nf6 20. Bg5 Nxe4 21. Bxe4 Bxe4 22. Nb6 0-0 23. h7+ Kxh7 24. Bf6 Nd7 25. Rh1+ Bxh1 26. Qh4+ Kg8 27. Qh8# 1-0

[Event "Gora Sw Anny op 9th"]
[Site "Gora Sw Anny"]
[Date "2016.02.08"]
[Round "9"]
[White "Smal, Tobiasz"]
[Black "Korpalski, Maciej"]
[Result "0-1"]
[WhiteElo "2006"]
[BlackElo "1901"]
[PlyCount "96"]
[EventDate "2016.02.01"]
[EventType "swiss"]
[EventRounds "10"]
[EventCountry "POL"]
[SourceTitle "CBM 170 Extra"]
[Source "ChessBase"]
[SourceDate "2016.02.25"]
[SourceVersion "1"]
[SourceVersionDate "2016.02.25"]
[SourceQuality "1"]

1. e4 c5 2. Nf3 d6 3. d4 cxd4 4. Qxd4 Nf6 5. Bg5 Nc6 6. Bb5 Nd7 7. Bxc6 bxc6 8. 0-0 Qb6 9. c4 e5 10. Qd2 h6 11. Be3 Qb7 12. Nc3 Nf6 13. h3 Be6 14. b3 Be7 15. Rfd1 0-0 16. Qc2 Rad8 17. Na4 Qb8 18. Rac1 Rc8 19. c5 d5 20. exd5 cxd5 21. Qe2 Bd7 22. Nb2 Rfe8 23. b4 e4 24. Nd4 Qxb4 25. c6 Be6 26. a3 Qxa3 27. Ra1 Qd6 28. Rxa7 Qe5 29. Na4 Bd6 30. g3 Bxh3 31. Bf4 Bg4 32. Bxe5 Bxe2 33. Bxd6 Bxd1 34. Nb6 Rcd8 35. Nb5 Be2 36. Nc7 Rxd6 37. Nxe8 Nxe8 38. Ra8 Rxc6 39. Rxe8+ Kh7 40. Nxd5 Bf3 41. g4 Rc1+ 42. Kh2 Rh1+ 43. Kg3 Rg1+ 44. Kh3 Rxg4 45. Rf8 Rg2 46. Rxf7 Rxf2 47. Nf6+ Kg6 48. Nxe4 Bg2+ 0-1

[Event "Gora Sw Anny op 9th"]
[Site "Gora Sw Anny"]
[Date "2016.02.05"]
[Round "6"]
[White "Kokoszczynski, Jan"]
[Black "Korpalski, Maciej"]
[Result "1/2-1/2"]
[WhiteElo "2121"]
[BlackElo "1901"]
[PlyCount "112"]
[EventDate "2016.02.01"]
[EventType "swiss"]
[EventRounds "10"]
[EventCountry "POL"]
[SourceTitle "CBM 170 Extra"]
[Source "ChessBase"]
[SourceDate "2016.02.25"]
[SourceVersion "1"]
[SourceVersionDate "2016.02.25"]
[SourceQuality "1"]

1. e4 c5 2. Nf3 e6 3. d4 cxd4 4. Nxd4 Nf6 5. Nc3 d6 6. g4 h6 7. h4 Nc6 8. g5 hxg5 9. Bxg5 Be7 10. Rg1 a6 11. Qd2 Bd7 12. 0-0-0 Qc7 13. Kb1 0-0-0 14. Rg3 Nh5 15. Nxc6 Bxc6 16. Rd3 f6 17. Be3 g6 18. Nd5 exd5 19. exd5 Bxd5 20. Rxd5 f5 21. Rd3 Bf6 22. Qb4 d5 23. Bb6 Qd6 24. Qa5 Rd7 25. Rxd5 Qe5 26. c3 Rxd5 27. Qxd5 Qxd5 28. Rxd5 Bxh4 29. Rd6 Nf4 30. Bc4 Be7 31. Rd1 Bd8 32. Be3 Bc7 33. Rg1 Rh2 34. Bf7 Rg2 35. Rxg2 Nxg2 36. Bxg6 Nxe3 37. fxe3 f4 38. exf4 Bxf4 39. Kc2 Kc7 40. b4 b6 41. a4 Be3 42. a5 b5 43. Be4 Bf2 44. Bd5 Be1 45. Kb3 Bd2 46. Bh1 Be1 47. Kc2 Bf2 48. Kd3 Be1 49. Ba8 Bf2 50. Be4 Be1 51. Bg6 Bf2 52. Be8 Be1 53. c4 Bxb4 54. Bxb5 axb5 55. cxb5 Bxa5 56. b6+ Kxb6 1/2-1/2

[Event "Gora Sw Anny op 9th"]
[Site "Gora Sw Anny"]
[Date "2016.02.04"]
[Round "5"]
[White "Korpalski, Maciej"]
[Black "Praczukowski, Stanislaw"]
[Result "0-1"]
[WhiteElo "1901"]
[BlackElo "2003"]
[PlyCount "42"]
[EventDate "2016.02.01"]
[EventType "swiss"]
[EventRounds "10"]
[EventCountry "POL"]
[SourceTitle "CBM 170 Extra"]
[Source "ChessBase"]
[SourceDate "2016.02.25"]
[SourceVersion "1"]
[SourceVersionDate "2016.02.25"]
[SourceQuality "1"]

1. e4 e6 2. d4 d5 3. Nc3 Bb4 4. e5 Ne7 5. Bd2 Bxc3 6. Bxc3 b6 7. Qg4 0-0 8. Nf3 Ba6 9. Bxa6 Nxa6 10. Ng5 c5 11. 0-0-0 Rc8 12. Qh5 h6 13. Nf3 cxd4 14. Rxd4 Nc5 15. Rhd1 Qc7 16. Rf1 Ne4 17. Rd3 Qc4 18. Kb1 Nc6 19. a3 d4 20. Bxd4 Nxd4 21. Nxd4 Nd2+ 0-1

[Event "Gora Sw Anny op 9th"]
[Site "Gora Sw Anny"]
[Date "2016.02.03"]
[Round "4"]
[White "Teclaf, Pawel"]
[Black "Korpalski, Maciej"]
[Result "1-0"]
[WhiteElo "2170"]
[BlackElo "1901"]
[PlyCount "43"]
[EventDate "2016.02.01"]
[EventType "swiss"]
[EventRounds "10"]
[EventCountry "POL"]
[SourceTitle "CBM 170 Extra"]
[Source "ChessBase"]
[SourceDate "2016.02.25"]
[SourceVersion "1"]
[SourceVersionDate "2016.02.25"]
[SourceQuality "1"]

1. e4 c5 2. Nf3 d6 3. d4 cxd4 4. Nxd4 Nf6 5. Nc3 a6 6. Bc4 e6 7. Bb3 Nbd7 8. Bg5 Nc5 9. f4 Be7 10. Qf3 Qc7 11. 0-0-0 b5 12. e5 Bb7 13. Qe2 dxe5 14. fxe5 Nxb3+ 15. axb3 Nd5 16. Bxe7 Qxe7 17. Ne4 0-0 18. Nd6 Nf4 19. Qe3 Nxg2 20. Qg3 Bd5 21. N6f5 exf5 22. Nxf5 1-0

[Event "POL-chT U19 1st League"]
[Site "Ustron"]
[Date "2015.08.02"]
[Round "9.1"]
[White "Bilczewski, Kacper"]
[Black "Korpalski, Maciej"]
[Result "1/2-1/2"]
[WhiteElo "2056"]
[BlackElo "1838"]
[PlyCount "82"]
[EventDate "2015.07.25"]
[EventType "team-tourn"]
[EventRounds "9"]
[EventCountry "POL"]
[SourceTitle "EXT 2018"]
[Source "ChessBase"]
[SourceDate "2017.10.13"]
[SourceVersion "1"]
[SourceVersionDate "2017.10.13"]
[SourceQuality "1"]
[WhiteTeam "Rydultowy Ognisko U19"]
[BlackTeam "Wroclaw MUKS MDK Srodmiescie U19"]
[WhiteTeamCountry "POL"]
[BlackTeamCountry "POL"]

1. e4 c5 2. a3 e6 3. b4 d5 4. exd5 Qxd5 5. Nc3 Qd8 6. Nf3 cxb4 7. axb4 Bxb4 8. Bd3 Nf6 9. 0-0 0-0 10. Bb2 Nbd7 11. Na4 a6 12. Ng5 h6 13. Ne4 Nxe4 14. Bxe4 f5 15. Bf3 Nf6 16. c3 Bd6 17. Qb3 Rb8 18. Nb6 Bc7 19. Nxc8 Qxc8 20. Rfe1 Re8 21. d4 Kh8 22. c4 Qd7 23. Rad1 b5 24. c5 Nd5 25. g4 Qf7 26. Bxd5 exd5 27. Qf3 f4 28. Qd3 Qf6 29. h3 b4 30. Re5 Rxe5 31. dxe5 Bxe5 32. Bxe5 Qxe5 33. Qxa6 b3 34. Qd6 Qxd6 35. cxd6 b2 36. d7 b1Q 37. d8Q+ Rxd8 38. Rxb1 Kh7 39. Kg2 Kg6 40. Kf3 Kg5 41. Re1 d4 1/2-1/2

[Event "POL-chT U19 1st League"]
[Site "Ustron"]
[Date "2015.07.31"]
[Round "7.1"]
[White "Kucza, Karol"]
[Black "Korpalski, Maciej"]
[Result "1-0"]
[WhiteElo "2119"]
[BlackElo "1838"]
[PlyCount "123"]
[EventDate "2015.07.25"]
[EventType "team-tourn"]
[EventRounds "9"]
[EventCountry "POL"]
[SourceTitle "EXT 2018"]
[Source "ChessBase"]
[SourceDate "2017.10.13"]
[SourceVersion "1"]
[SourceVersionDate "2017.10.13"]
[SourceQuality "1"]
[WhiteTeam "Zary ZKSz U19"]
[BlackTeam "Wroclaw MUKS MDK Srodmiescie U19"]
[WhiteTeamCountry "POL"]
[BlackTeamCountry "POL"]

1. e4 e5 2. Nf3 Nc6 3. Bb5 a6 4. Ba4 Nf6 5. 0-0 Be7 6. Re1 b5 7. Bb3 d6 8. c3 0-0 9. h3 Nb8 10. d4 Nbd7 11. Nbd2 Bb7 12. Bc2 Re8 13. b3 Bf8 14. d5 c6 15. c4 g6 16. Rb1 Bg7 17. a4 b4 18. Nf1 Nc5 19. Ng3 Qc7 20. Nh2 a5 21. Ng4 Bc8 22. Nh6+ Kh8 23. Qf3 Rf8 24. Ng4 Nxg4 25. hxg4 cxd5 26. exd5 Qd7 27. g5 f5 28. gxf6 Rxf6 29. Qe2 Qg4 30. Qxg4 Bxg4 31. Ne4 Nxe4 32. Bxe4 Bf5 33. f3 h5 34. Be3 Bxe4 35. fxe4 Kh7 36. Rf1 Rb8 37. Rbc1 Bh6 38. Ba7 Rxf1+ 39. Rxf1 Rb7 40. Bf2 Bd2 41. Rd1 Bg5 42. g3 Kg7 43. Kf1 Bd8 44. Ke2 Bb6 45. Bxb6 Rxb6 46. c5 dxc5 47. Kd3 Kf7 48. Kc4 Ke7 49. Kxc5 Rf6 50. Rd3 Rf1 51. d6+ Kd7 52. Kd5 Rc1 53. Kxe5 g5 54. Kd5 Rc3 55. Rd1 Rxb3 56. e5 Re3 57. Rf1 b3 58. e6+ Kc8 59. d7+ Kc7 60. Rc1+ Kb7 61. e7 b2 62. Rb1 1-0

[Event "POL-chT3 Dolnoslaskie 1415"]
[Site "Poland"]
[Date "2015.03.29"]
[Round "9.26"]
[White "Dubinski, Mateusz"]
[Black "Korpalski, Maciej"]
[Result "1/2-1/2"]
[WhiteElo "2217"]
[BlackElo "1714"]
[PlyCount "99"]
[EventDate "2014.10.26"]
[EventType "team-tourn"]
[EventRounds "11"]
[EventCountry "POL"]
[SourceTitle "EXT 2018"]
[Source "ChessBase"]
[SourceDate "2017.10.13"]
[SourceVersion "1"]
[SourceVersionDate "2017.10.13"]
[SourceQuality "1"]
[WhiteTeam "Kopernik WKS"]
[BlackTeam "Wroclaw MUKS MDK Srodmiescie"]
[WhiteTeamCountry "POL"]
[BlackTeamCountry "POL"]

1. c4 Nf6 2. Nc3 g6 3. g3 Bg7 4. Bg2 0-0 5. Nf3 d6 6. d4 Nbd7 7. 0-0 c6 8. h3 e5 9. Be3 Ne8 10. Qd2 f5 11. Bg5 Nef6 12. Rfd1 Qc7 13. dxe5 dxe5 14. Be3 a6 15. Rac1 Nh5 16. Qd6 Qxd6 17. Rxd6 e4 18. Ne1 Be5 19. Rd2 Ndf6 20. Na4 Be6 21. Bb6 Nd7 22. Bd4 Nhf6 23. b3 Rfd8 24. Rcd1 Bc7 25. Nb6 Nxb6 26. Bxf6 Rxd2 27. Rxd2 Kf7 28. Bg5 Nd7 29. Nc2 b5 30. cxb5 axb5 31. Nd4 Bd5 32. Nxb5 Be5 33. Be3 cxb5 34. Rxd5 Ke6 35. Rxb5 Rxa2 36. Bf1 Kd6 37. Kg2 Kc6 38. Rb4 Nf6 39. f3 Nd5 40. Rc4+ Kd7 41. Bc1 Nc3 42. Bf4 Bxf4 43. Rxc3 Be5 44. Rc5 Bd6 45. Rd5 Ra3 46. fxe4 fxe4 47. Rd4 Rxb3 48. g4 Rb4 49. Rxb4 Bxb4 50. Kg3 1/2-1/2